50 Tv Series By Images - Statistics

General Stats
  • This quiz has been taken 305 times
  • The average score is 25 of 50
Answer Stats
Hint Answer % Correct
Breaking Bad
97%
Squid Game
97%
Friends
89%
Game Of Thrones
89%
The Office
86%
Peaky Blinders
83%
Sherlock
77%
The Walking Dead
76%
Lost
74%
Modern Family
72%
Dexter
69%
How I Met Your Mother
69%
Suits
67%
The Last Of Us
66%
Brooklyn Nine-Nine
64%
Doctor Who
64%
Euphoria
64%
Narcos
64%
Better Call Saul
63%
Vikings
63%
Chernobyl
61%
Malcolm
56%
Desperate Housewives
54%
The Sopranos
53%
Mr. Robot
51%
Twin Peaks
49%
Supernatural
48%
Downton Abbey
46%
Stranger Things
46%
Buffy
43%
X-files
42%
House of Cards
42%
Sons of Anarchy
40%
Dark
33%
Parks and Recreation
33%
Fargo
30%
Succession
30%
Severance
29%
This Is Us
24%
Arrested Development
22%
Band Of Brothers
21%
Community
21%
24
19%
Westworld
19%
From
15%
Homeland
15%
Person Of Interest
12%
Broadchurch
8%
Legends Of Tomorrow
8%
Psych
7%
No matching quizzes found
Score Distribution
Percent of People with Each Score
Percentile by Number Answered
Your Score History
You have not taken this quiz